000
00327nam a2200109Ia 4500
008
160531s9999 xx 000 0 und d
100
_a
Pols, Jeannette.
245
_a
Care at a Distance: On the Closeness of Technology
245
_c
by Jeannette Pols
260
_c
2012
856
_u
http://www.oapen.org/search?identifier=413032
999
_c
295473
_d
295473